[Event "Mont de Marsan-ch"]
[Site "Mont de Marsan"]
[Date "2008.??.??"]
[Round "?"]
[White "Lutz, Andre"]
[Black "Albareil, Raymond"]
[Result "0-1"]
[WhiteElo "1300"]
[BlackElo "1630"]
[PlyCount "148"]
[EventDate "2008.??.??"]
[EventType "tourn"]
[EventRounds "9"]
[EventCountry "FRA"]
[SourceTitle "EXT 2010"]
[Source "ChessBase"]
[SourceDate "2010.11.25"]
[SourceVersion "1"]
[SourceVersionDate "2010.11.25"]
[SourceQuality "1"]

1. c4 e5 2. e4 Nf6 3. d3 Bc5 4. h3 Nc6 5. Nf3 0-0 6. a3 d6 7. Nc3 h6 8. Be2 a6 9. 0-0 Nd4 10. Nxd4 Bxd4 11. Qe1 Be6 12. Be3 c5 13. Bxd4 cxd4 14. Nd5 b5 15. Nxf6+ Qxf6 16. Bg4 bxc4 17. Bxe6 Qxe6 18. Qd1 cxd3 19. Qxd3 Rfc8 20. f4 Qc4 21. Rad1 Qc2 22. Rf2 Qxd3 23. Rxd3 f6 24. g4 Kf7 25. h4 Rab8 26. f5 Rc1+ 27. Kg2 a5 28. Rdd2 Ke7 29. Rc2 Rc8 30. Rxc8 Rxc8 31. Rd2 Rc4 32. Kf2 Kd7 33. Ke2 Kc6 34. Kd3 d5 35. exd5+ Kxd5 36. Re2 Rc1 37. Rg2 e4+ 38. Ke2 Rc6 39. Rg1 Rc8 40. b4 axb4 41. axb4 Ke5 42. b5 Rb8 43. Rb1 e3 44. Kd3 Kd5 45. b6 Kc5 46. b7 Kc6 47. Rb4 Rxb7 48. Rxd4 Re7 49. Ke2 Kc5 50. Rf4 Kd5 51. Ra4 Re4 52. Ra5+ Kd6 53. Ra6+ Ke5 54. Ra5+ Kf4 55. Ra7 Kxg4 56. Rxg7+ Kxf5 57. Rg1 Ke5 58. h5 Kd4 59. Rg6 Rf4 60. Rg2 Rf2+ 61. Rxf2 exf2 62. Kxf2 Ke4 63. Kg3 f5 64. Kf2 Kf4 65. Kg2 Kg4 66. Kf2 Kxh5 67. Kf3 Kg5 68. Kg3 h5 69. Kh3 f4 70. Kg2 Kg4 71. Kf2 f3 72. Kf1 Kg3 73. Kg1 f2+ 74. Kf1 h4 0-1

[Event "Mont de Marsan op 6th"]
[Site "Mont de Marsan"]
[Date "2006.12.26"]
[Round "1"]
[White "Lutz, Andre"]
[Black "Farge, Patrick"]
[Result "1-0"]
[WhiteElo "1310"]
[BlackElo "1499"]
[PlyCount "71"]
[EventDate "2006.12.26"]
[EventType "swiss"]
[EventRounds "9"]
[EventCountry "FRA"]
[SourceTitle "CBM 116 Extra"]
[Source "ChessBase"]
[SourceDate "2007.03.07"]
[SourceVersion "1"]
[SourceVersionDate "2007.03.07"]
[SourceQuality "1"]

1. c4 e5 2. e4 Nf6 3. Nc3 Bb4 4. d3 Nc6 5. a3 Bxc3+ 6. bxc3 0-0 7. Nf3 Qe7 8. Be2 Qc5 9. h3 Qa5 10. Bb2 Nd4 11. 0-0 Nxf3+ 12. Bxf3 Qb6 13. Qc2 d6 14. Rab1 Qc6 15. Qe2 Rd8 16. Rfd1 g6 17. d4 Be6 18. d5 Bxd5 19. cxd5 Qd7 20. g4 c6 21. c4 Rac8 22. Rbc1 c5 23. Kh2 a6 24. g5 Nh5 25. Bxh5 gxh5 26. Qxh5 Rf8 27. Rc3 f5 28. Re1 fxe4 29. Kg2 Rf4 30. Rg3 Rcf8 31. Rf1 Qa4 32. Bc1 Qc2 33. Bxf4 exf4 34. g6 f3+ 35. Kg1 e3 36. Qxh7# 1-0

[Event "Mont de Marsan op"]
[Site "Mont de Marsan"]
[Date "2005.12.29"]
[Round "7"]
[White "Daragon, Bruno"]
[Black "Lutz, Andre"]
[Result "1-0"]
[WhiteElo "1720"]
[BlackElo "1499"]
[PlyCount "90"]
[EventDate "2005.12.26"]
[EventType "swiss"]
[EventRounds "7"]
[EventCountry "FRA"]
[SourceTitle "CBM 110 Extra"]
[Source "ChessBase"]
[SourceDate "2006.03.10"]
[SourceVersion "2"]
[SourceVersionDate "2006.03.10"]
[SourceQuality "1"]

1. e4 e5 2. Nf3 Nf6 3. Nxe5 d6 4. Nf3 Bg4 5. Nc3 a6 6. Bc4 Be7 7. 0-0 b5 8. Bd3 Nc6 9. Re1 Ne5 10. Bf1 Bxf3 11. gxf3 0-0 12. d4 Ng6 13. Bg2 h6 14. f4 Rb8 15. Kh1 Nh4 16. Rg1 Qd7 17. Qd3 Kh8 18. Bh3 Qe8 19. Qg3 Nh5 20. Qg4 g6 21. b3 Rg8 22. Bb2 Kh7 23. Nd5 Bd8 24. Rae1 c6 25. Nb4 Rb7 26. e5 Qe6 27. Qxe6 fxe6 28. Bxe6 Nf3 29. Bxg8+ Kg7 30. Nxc6 Bh4 31. exd6 Nxg1 32. Rxg1 Nxf4 33. d5+ Kxg8 34. Rg4 g5 35. Ne7+ Kf8 36. Be5 h5 37. Rxh4 gxh4 38. Bxf4 h3 39. Kg1 Kf7 40. Kf1 Kf6 41. Ke2 Ra7 42. Kd3 a5 43. Kd4 Ra8 44. Kc5 b4 45. Kc6 Rf8 1-0